00509nam a2200145Ia 4500003000900000008004100009020002600050040001600076100002900092245005400121260003200175300002000207490003300227856010300260IN-BaIIA211028s9999 xx s 000 0 eng d a9780819454201 (Print) cIIA Library aHasinger, Gùˆnther, ed. 0aUV and Gamma-Ray Space Telescope Systemsh[eBook] aWashington, USAbSPIEc2004 aOnline resource aProceedings of SPIE; V. 5488 uhttps://www.spiedigitallibrary.org/conference-proceedings-of-spie/5488yClick Here to Access eBook